000 01542nam0a2200349 4500
001 RU\NLR\ONL2\22978
005 20260406072812.0
010 _a978-5-295-05392-4
_96150
035 _a(NLR Aleph) 010209936
090 _a10270208
_c10270208
100 _a20031217d2012 |||y0rusy50 ca
101 0 _abak
102 _aRU
105 _ac |||||||||
200 9 _aХэзерге башkорт эзэбиэте
_eурта мэкт. 11-се кл. өсөн д-лек
_fFайса Хөсэйенов, Роберт Байымов
210 _aӨфө
_cКитап
_d2012
215 _a227 б.
_cпортр.
_d22
300 _aНа обл. авт. не указаны.
541 1 _6z01790
_aСовременная башкирская литература
_eучеб. для 11 кл. сред. шк.
_zrus
606 0 _aБашкирская литература
_91114058
_3RU\NLR\auth\66120783
686 1 _aШ5(2=Баш)7 я72
700 1 _4070
_8bak
_7ca
_aХөсэйенов
_bF.Б.
_f1928-
_gFайса Батыргэрэй улы
_3RU\NLR\auth-onl\77512
_9130568
701 1 _4070
_8bak
_7ca
_aБайымов
_bР. Н.
_f1937-2010
_gРоберт Нурмөхэмэт улы
_3RU\NLR\auth-onl\77537
_9130593
790 1 _4070
_8rus
_7ca
_aХусаинов
_bГ.Б.
_f1928-
_gГайса Батыргареевич
_3RU\NLR\auth-onl\77373
_9130429
801 0 _aRU
_bNLR
_c20120418
_gPSBO
852 _aNLR
_jБашк./3-5364
_m15069
852 _aNLR
_bОНЛ
942 _cBOOK
980 _aNB
980 _aONL_RF